Nehru:for children (Record no. 31494)

MARC details
000 -LEADER
fixed length control field 00278nam a2200109Ia 4500
082 ## - DEWEY DECIMAL CLASSIFICATION NUMBER
Classification number 929A/Z(JAW)
Item number CHA
100 ## - MAIN ENTRY--AUTHOR NAME
Personal name Chalapathirau, M
245 #0 - TITLE STATEMENT
Title Nehru:for children
260 ## - PUBLICATION, DISTRIBUTION, ETC. (IMPRINT)
Place of publication Delhi
Name of publisher Childrens Book Trust
Year of publication 1967
942 ## - ADDED ENTRY ELEMENTS (KOHA)
Koha item type Books
Holdings
Withdrawn status Lost status Damaged status Not for loan Home library Current library Date acquired Cost, normal purchase price Full call number Accession Number Koha item type
        RRII Library RRII Library 16/12/2021 7.50 929A/Z(JAW) CHA 12038 Books